Doctor Who Episode Names Spoken in Episode (Season 5-7) Quiz Stats

 Plays Quiz not verified by Sporcle

Score 0/19 Timer 15:00
1 Play Today
% Correct
A Good Man Goes to War
97.1%
The Big Bang
95.7%
(the) God Complex
95.7%
Let's Kill Hitler
94.3%
The Power of Three
94.3%
The Bells of Saint John
94.3%
Amy's Choice
92.9%
The Angels Take Manhattan
92.9%
Cold War
92.9%
The Name of the Doctor
92.9%
% Correct
The Snowmen
91.4%
The Rings of Akhaten
91.4%
The Crimson Horror
90%
Hide
85.7%
A Christmas Carol
82.9%
The Pandorica Opens
81.4%
The Time of Angels
80%
The Beast Below
71.4%
Dinosaurs on a Spaceship
68.6%

You're not logged in!

Compare scores with friends on all Sporcle quizzes.
OR
Log In

Sporcle TV

Today on Sporcle TV


Watch our educational content, quiz creation guides, and fun videos on Sporcle TV.

Show Comments

Extras

Top Quizzes Today


Score Distribution

Your Account Isn't Verified!

In order to create a playlist on Sporcle, you need to verify the email address you used during registration. Go to your Sporcle Settings to finish the process.

Report this User

Report this user for behavior that violates our Community Guidelines.

Details: